| 000 | 00748nam a2200253Ia 4500 | ||
|---|---|---|---|
| 003 | OSt | ||
| 005 | 20220928121411.0 | ||
| 006 | a|||||r|||| 00| 0 | ||
| 007 | ta | ||
| 008 | 220927b |||||||| |||| 00| 0 eng d | ||
| 020 | _c5871.9399999999996 | ||
| 024 | _a127246 | ||
| 037 |
_b20, 20/10/2015, Aviva Books Company _cTextual |
||
| 040 |
_aSDCL _cSDCL _beng |
||
| 041 |
_2eng _aeng |
||
| 082 | _aB38, Q5 | ||
| 100 |
_aMuir Jerry R. _9451963 |
||
| 245 | 0 |
_aComplex analysis _b A modern first coursse in function theory |
|
| 260 |
_aHoboken _bWiley _c2015 |
||
| 300 |
_axii;262p. _ccm. |
||
| 650 | _aMathematics | ||
| 942 |
_hB38, Q5 _cTEXL _2CC |
||
| 999 |
_c765951 _d765951 |
||